|
|
|
|
| LEADER |
00000nam0a2200000 4500 |
| 001 |
292973 |
| 005 |
20231102000541.0 |
| 010 |
|
|
|a 9785406037676
|
| 035 |
|
|
|a (RuTPU)RU\TPU\book\317750
|
| 090 |
|
|
|a 292973
|
| 100 |
|
|
|a 20150428d2016 m y0rusy50 ca
|
| 101 |
0 |
|
|a rus
|
| 102 |
|
|
|a RU
|
| 105 |
|
|
|a y j 001zy
|
| 200 |
1 |
|
|a Метрология, стандартизация и сертификация в сервисе и туризме
|e учебное пособие
|f Л. В. Баумгартен
|
| 210 |
|
|
|a Москва
|c КноРус
|d 2016
|
| 215 |
|
|
|a 170 с.
|
| 225 |
1 |
|
|a Бакалавриат
|
| 320 |
|
|
|a Библиогр.: с. 169-170.
|
| 330 |
|
|
|a Перечислены направления деятельности, способствующие совершенствованию качества и повышению привлекательности сервисной деятельности. Приведены основная терминология в области метрологии, объект, предмет, методы исследований и задачи метрологии. Изложены теоретические основы метрологии, включая ее структуру, основные понятия, связанные с объектами измерения и шкалами измерения, со средствами измерений, погрешностями измерений, многократным измерением, включая алгоритм обработки данного измерения. Раскрыты основы метрологического обеспечения, в том числе в сфере услуг. Рассмотрены вопросы, связанные с правовыми основами обеспечения единства измерений, вопросы обязательного и добровольного подтверждения соответствия, включая объекты, формы, схемы, способы обеспечения доказательств, организацию работ, оформление ее результатов.
|
| 606 |
1 |
|
|a Туризм
|x Экономика
|2 stltpush
|3 (RuTPU)RU\TPU\subj\53770
|9 71935
|
| 610 |
1 |
|
|a экономика
|
| 610 |
1 |
|
|a туристская деятельность
|
| 610 |
1 |
|
|a сервисная деятельность
|
| 610 |
1 |
|
|a метрология
|
| 610 |
1 |
|
|a средства измерений
|
| 610 |
1 |
|
|a метрологическое обеспечение
|
| 610 |
1 |
|
|a законодательная метрология
|
| 610 |
1 |
|
|a стандартизация
|
| 610 |
1 |
|
|a сертификация
|
| 610 |
1 |
|
|a качества
|
| 610 |
1 |
|
|a ИСО
|
| 610 |
1 |
|
|a учебные пособия
|
| 686 |
|
|
|a У9(2)43я73
|v LBC/SL-A
|2 rubbk
|
| 700 |
|
1 |
|a Баумгартен
|b Л. В.
|g Леонид Владимирович
|
| 801 |
|
1 |
|a RU
|b 63413507
|c 20150428
|
| 801 |
|
2 |
|a RU
|b 63413507
|c 20150825
|g RCR
|
| 900 |
|
|
|a Метрология, стандартизация и сертификация
|
| 942 |
|
|
|c BK
|
| 951 |
|
|
|l 8.1
|
| 959 |
|
|
|a 60/20150427
|d 3
|e 295,00
|f ЧЗГЛ:1
|f УФ:2
|